Statistics for Word Chain - Science

Click here to take the quiz!

General Stats

  • This quiz has been taken 13,164 times
  • The average score is 17 of 24

Answer Stats

Hint Answer % Correct
Furthest planet from the sunNeptune
94%
Most common element in the
Earth's atmosphere
Nitrogen
93%
What M stands for in E = MC2Mass
88%
Particle orbiting an atomic nucleusElectron
87%
What a seismologist studiesEarthquakes
87%
Species of Dolly, the first cloned mammalSheep
87%
Energetic and harmful
radiation wavelength: _____ Ray
Gamma
81%
Device used by GalileoTelescope
79%
Radiation used in medical imageryX-ray
77%
A supervolcano lurks beneath
this national park
Yellowstone
75%
Cell that can be fertilizedEgg
73%
Small rocky body orbiting the sunAsteroid
72%
Massive stellar explosionSupernova
68%
State of matter that is not gas, liquid, or solidPlasma
67%
A teaspoon of a ______ star
weighs 10 million tons
Neutron
67%
Branch of biology dealing with the bodyAnatomy
66%
Variety of fungus. Some can turn
sugar into alcohol
Yeast
66%
Greek letter that represents
a standard deviation
Sigma
65%
When the sun crosses the equatorEquinox
60%
Chemical used in nail polish removerAcetone
54%
Air or fluid resistanceDrag
53%
Taxonomic rank between
order and phylum
Class
53%
Toxic metalloid elementArsenic
48%
Chalky mineral with a hardness
of 2 on the Mohs scale
Gypsum
20%

Score Distribution

Percentile by Number Answered

Percent of People with Each Score

Your Score History

You have not taken this quiz